000 00444nam a2200181Ia 4500
008 090124s9999 xx 000 0 und d
082 _b36824
100 _aDREAMLAND PUBLICATION
245 _aAESOP'S FABLES 4
250 _a0
260 _bDREAMLAND PUBLICATION
300 _a24
600 _aDREAMLAND PUBLICATION
630 _aAESOP'S FABLES 4
700 _aDREAMLAND PUBLICATION
730 _aAESOP'S FABLES 4
942 _cBOOK
999 _c103217
_d103217